00505 a2200157 4500010001400000020002300014035001300037037001800050082000600068245011100074250001200185260003600197270005000233300003000283500003400313 aENG-85376 a8182567025c100.00 aEN-68909 bD.B.Act / Pub14aS1 aTales of the mystic Eastban anthropology of mystic and moral tales taken from the teachings of the Saints a10th ed aBeasbRadha Swami Satsangc2006 aDera Baba Jaimal SinghbBeas (Pubaj)e143 204 axviii, 298 p.c22 cm (Hb) aincludes glossary and index